000 00915nam a2200289Ia 4500
001 Para_2358
003 CHAP
008 220125s1980 xx 000 0 und d
010 _a200647
040 _cCHAP
090 _aPA FOLLETO 212
100 _aGutiérrez A., Amílcar
_9165524
245 _aEtiología y control de la marchitez de la lechuga (lactuca sativa l.), en Xochimilco, D.F. /
_c por Amílcar Gutiérrez A. y Sebastián Romero Cova
260 _aChapingo, Méx. :
_b CP.
300 _a163-169 p.
440 _aCentro de fitopatología; agrociencia, no.41
_9165525
650 _aLactuca sativa
_9165526
650 _aLechuga
_x enfermedades
_965458
700 _aRomero Cova, Sebastián
_999550
901 _aPA FOLLETO 212
902 _aA
905 _a0000001980 0000000000 00
910 _a1980
942 _cPARA
942 _cPARA
_d1
999 _c200647
_d200647